000 00282nam a22001217a 4500
041 _aENG
100 _aVirkar.k.s
245 _aSubodh -Marathi English Shabdakosh
260 _aPune
_bAnamol Prakashan
_c2004
300 _a486
650 _aDictionary
856 _uDictionary ( 28 )
999 _c2281
_d2281